Nicaragua: crecimiento industrial y desempleo /

Na minha lista:
Detalhes bibliográficos
Autor principal: Chamorro, Carlos Fernando
Outros Autores: Franco, Mario A. de
Formato: Texto
Publicado em: Nicaragua :
Tags: Adicionar Tag
Sem tags, seja o primeiro a adicionar uma tag!

MARC

LEADER 00000 a a2200000 04500
001 16832
003
040
090 |a 010400  
100 |a Chamorro, Carlos Fernando  
245 |a Nicaragua: crecimiento industrial y desempleo /  |c Carlos Fernando Chamorro 
260 |a Nicaragua :  
300 |a 67 p.  
700 |a Franco, Mario A. de  
999 |c 11677  |d 11677